| 000 | 00577nam a2200169 a 4500 | ||
|---|---|---|---|
| 001 | 000027205 | ||
| 005 | 20200930030654.0 | ||
| 008 | 110330s1939 dr 000 | spa d | ||
| 040 |
_aDO-SdBNP _bspa _cBNPHU |
||
| 082 |
_axxx _bM917p |
||
| 100 | 1 |
_aMota M., Fabio A. _944988 |
|
| 245 | 1 | 0 |
_aPrensa y tribuna : _bexponentes de valoración del generalísimo Trujillo como estadista / _cFabio A. Mota. |
| 260 |
_aCiudad Trujillo, República Dominicana : _bEditorial La Nación, _c1939. |
||
| 300 |
_a267 p. ; _c19 cm. |
||
| 500 | _aIncluye notas al pie de páginas. | ||
| 049 | _aBNPD | ||
| 999 |
_c26697 _d26697 |
||